000 00395nam a2200181Ia 4500
100 _aPandya/N.C/ Shah/C.S
650 _aMachine Design
250 _a16
942 _cBK
366 _f15
654 _amachine design
245 _aMachine Design
260 _bCharotar Publishing House
_aMumbai
_c2006
082 _a621.815/PAN
_bPAN
300 _a2064
546 _aENGLISH
999 _c21436
_d21436